[Event "Erlanger BSGW-Open 2012 30rd"]
[Site "Erlangen/Eltersd.(30.3.-1.4)"]
[Date "2012.03.31"]
[Round "3.16"]
[White "Nehls, Benedikt"]
[Black "Stuhler, Kilian"]
[Result "1-0"]
[WhiteElo "1988"]
[BlackElo "1778"]
[PlyCount "73"]
[EventDate "2012.04.??"]
[EventType "swiss"]
[EventRounds "5"]
[EventCountry "GER"]
[WhiteTeam "Erlangen 48/88 SC"]
[BlackTeam "Dillingen SC"]

1. Nf3 Nf6 2. c4 d6 3. g3 e5 4. d3 g6 5. Bg2 Bg7 6. Nc3 O-O 7. O-O Nbd7 8. Rb1
Re8 9. Nd2 Nf8 10. b4 c6 11. b5 Bd7 12. Ba3 Qc7 13. bxc6 bxc6 14. Nde4 Nxe4 15.
Nxe4 c5 16. Bc1 Bc6 17. Bd2 Ne6 18. e3 f5 19. Nc3 Bxg2 20. Kxg2 Qc6+ 21. f3
Rab8 22. Rb3 g5 23. Nd5 Nc7 24. Rxb8 Nxd5 25. Rxe8+ Qxe8 26. cxd5 Qb5 27. Qb3
Qe8 28. e4 fxe4 29. fxe4 h6 30. Qb7 Qh5 31. Qc8+ Kh7 32. g4 Qg6 33. Qf5 Qxf5
34. gxf5 Bf6 35. Rb1 a6 36. Rb6 Be7 37. Rb7 1-0

[Event "Erlanger BSGW-Open 2012 30rd"]
[Site "Erlangen/Eltersd.(30.3.-1.4)"]
[Date "2012.03.31"]
[Round "3.17"]
[White "Ulusoy, Tolga"]
[Black "Walter, Manfred(59)"]
[Result "1/2-1/2"]
[WhiteElo "1966"]
[BlackElo "1721"]
[PlyCount "138"]
[EventDate "2012.04.??"]
[EventType "swiss"]
[EventRounds "5"]
[EventCountry "GER"]
[WhiteTeam "Nürnberg Noris-Tarr. SC"]
[BlackTeam "Lauf/P. SV"]

1. e4 d6 2. d4 Nf6 3. Nc3 e5 4. Nf3 exd4 5. Nxd4 Be7 6. Bc4 O-O 7. Bb3 Nc6 8.
O-O Nxd4 9. Qxd4 Nd7 10. f4 Bf6 11. Qe3 Nc5 12. Bc4 Re8 13. Bd3 c6 14. Qf3 Nxd3
15. cxd3 Bxc3 16. bxc3 f5 17. Re1 Qf6 18. Bb2 Bd7 19. Re2 Re7 20. c4 Qf7 21.
Ba3 c5 22. e5 Bc6 23. Qf2 b6 24. Rae1 dxe5 25. fxe5 Re6 26. d4 cxd4 27. Qxd4
Qd7 28. Bd6 Be4 29. Rc1 Rc8 30. c5 bxc5 31. Rxc5 Rxc5 32. Qxc5 Qb7 33. h3 Rg6
34. Qc4+ Bd5 35. Qc2 Be4 36. Qd2 Qd5 37. Qb2 Qb7 38. Qxb7 Bxb7 39. e6 Bc6 40.
g3 Rf6 41. Kf2 Be4 42. e7 Kf7 43. Rd2 Re6 44. Bb4 Bc6 45. Rd8 Be8 46. Rd5 g6
47. Rd8 Re4 48. Rb8 Re6 49. Rb7 a6 50. Ra7 Rb6 51. a3 Re6 52. h4 h6 53. Kf3
Bc6+ 54. Kf2 Be8 55. Ra8 g5 56. Rd8 Re5 57. Ra8 Re6 58. Rc8 Re5 59. Rb8 Re4 60.
h5 Re5 61. Rb6 Re6 62. Bd6 Bb5 63. a4 Bxa4 64. Rxa6 Be8 65. Kf3 Kf6 66. g4
fxg4+ 67. Kxg4 Re4+ 68. Kf3 Re6 69. Kg4 Re4+ 1/2-1/2

[Event "Erlanger BSGW-Open 2012 30rd"]
[Site "Erlangen/Eltersd.(30.3.-1.4)"]
[Date "2012.03.31"]
[Round "3.18"]
[White "Woerl, Richard"]
[Black "Hummel, Thomas(70)"]
[Result "1-0"]
[WhiteElo "1950"]
[BlackElo "1745"]
[PlyCount "71"]
[EventDate "2012.04.??"]
[EventType "swiss"]
[EventRounds "5"]
[EventCountry "GER"]
[WhiteTeam "Nürnberg Süd SW"]
[BlackTeam "Dietfurt/Altm. TSV"]

1. e4 Nf6 2. d3 d6 3. Be2 g6 4. f4 Bg7 5. Nf3 O-O 6. O-O Bg4 7. Nbd2 c6 8. Qe1
Nbd7 9. h3 Bxf3 10. Nxf3 Qb6+ 11. Kh2 Rad8 12. Qh4 Qc5 13. c3 Rfe8 14. d4 Qh5
15. Qe1 Qa5 16. e5 Nd5 17. Ng5 Nf8 18. f5 dxe5 19. fxg6 fxg6 20. Nf7 Rd7 21.
Nxe5 Qc7 22. Qg3 Bxe5 23. dxe5 e6 24. Bh6 Ne7 25. Qf4 Nf5 26. Bxf8 Rxf8 27. g4
Qb6 28. Bc4 Qxb2+ 29. Rf2 Qxa1 30. Bxe6+ Rdf7 31. gxf5 Kg7 32. f6+ Kh8 33. Bxf7
Rxf7 34. e6 Rf8 35. e7 Rc8 36. f7 1-0

[Event "Erlanger BSGW-Open 2012 30rd"]
[Site "Erlangen/Eltersd.(30.3.-1.4)"]
[Date "2012.03.31"]
[Round "3.19"]
[White "Hagenbach, Udo"]
[Black "Bruder, Heinz"]
[Result "1/2-1/2"]
[WhiteElo "1906"]
[BlackElo "1700"]
[PlyCount "75"]
[EventDate "2012.04.??"]
[EventType "swiss"]
[EventRounds "5"]
[EventCountry "GER"]
[WhiteTeam "Bergwinkel SV"]
[BlackTeam "Nürnberg Süd SW"]

1. c4 e5 2. g3 Nf6 3. Bg2 d5 4. cxd5 Nxd5 5. Nc3 Nb6 6. Nf3 Nc6 7. a3 Be6 8.
O-O Be7 9. b4 O-O 10. Rb1 f6 11. d3 Nd4 12. Nd2 c6 13. e3 Nf5 14. Qc2 Nd5 15.
Na4 Ndxe3 16. fxe3 Nxe3 17. Qc3 Nxf1 18. Bxf1 Qd7 19. Nc5 Bxc5+ 20. bxc5 Rab8
21. Nc4 Bd5 22. Rb2 Rf7 23. d4 Qg4 24. dxe5 Qe4 25. Nd6 Qh1+ 26. Kf2 Re7 27.
Ke1 Rxe5+ 28. Be3 Rd8 29. Rf2 Rd7 30. Kd2 Rde7 31. Bd4 Re1 32. Qd3 R1e6 33. Kc3
Be4 34. Qd2 Bg6 35. Bc4 Qa1+ 36. Qb2 Qe1+ 37. Qd2 Qa1+ 38. Qb2 1/2-1/2

[Event "Erlanger BSGW-Open 2012 30rd"]
[Site "Erlangen/Eltersd.(30.3.-1.4)"]
[Date "2012.03.31"]
[Round "3.20"]
[White "Stoll, Katja"]
[Black "Pranschke, Gerd"]
[Result "0-1"]
[WhiteElo "1645"]
[BlackElo "1882"]
[PlyCount "74"]
[EventDate "2012.04.??"]
[EventType "swiss"]
[EventRounds "5"]
[EventCountry "GER"]
[WhiteTeam "Ulm Weisse Dame SC"]
[BlackTeam "Nürnberg Noris-Tarr. SC"]

1. e4 c5 2. Nf3 e6 3. d4 cxd4 4. Nxd4 a6 5. Be3 Nf6 6. Nc3 Qc7 7. f3 d6 8. Qd2
Nc6 9. g4 Ne5 10. O-O-O Nfd7 11. Qg2 Nb6 12. f4 Nec4 13. Bf2 Bd7 14. f5 Rc8 15.
fxe6 fxe6 16. Bxc4 Nxc4 17. Qf3 Be7 18. h4 b5 19. Qd3 O-O 20. Bg3 b4 21. Nce2
Qa5 22. Kb1 Ne5 23. Bxe5 Qxe5 24. g5 a5 25. h5 Qxg5 26. Rhg1 Qe5 27. Qg3 Qxg3
28. Rxg3 Rf2 29. Rdg1 Bf6 30. R3g2 Rxg2 31. Rxg2 Rc5 32. Rh2 Rg5 33. Nb3 Bb5
34. a3 bxa3 35. bxa3 Bxe2 36. Rxe2 Rg1+ 37. Ka2 a4 0-1

[Event "Erlanger BSGW-Open 2012 30rd"]
[Site "Erlangen/Eltersd.(30.3.-1.4)"]
[Date "2012.04.01"]
[Round "4.1"]
[White "Stadler, Alex"]
[Black "Niedermeier, Thomas(90)"]
[Result "1/2-1/2"]
[WhiteElo "2029"]
[BlackElo "2096"]
[PlyCount "42"]
[EventDate "2012.04.??"]
[EventType "swiss"]
[EventRounds "5"]
[EventCountry "GER"]
[WhiteTeam "Deggendorf SV"]
[BlackTeam "Ilmmünster SV"]

1. Nf3 g6 2. c4 Bg7 3. Nc3 Nf6 4. g3 O-O 5. Bg2 c6 6. O-O d6 7. d4 a6 8. Qc2 b5
9. b3 Nbd7 10. Nd2 Qb6 11. Bb2 Bb7 12. e3 Rfd8 13. a4 Rac8 14. Qd3 b4 15. Ne2
a5 16. Qc2 d5 17. Rad1 Ba6 18. e4 Nxe4 19. Nxe4 dxe4 20. Qxe4 Nf6 21. Qc2 Rc7
1/2-1/2

[Event "Erlanger BSGW-Open 2012 30rd"]
[Site "Erlangen/Eltersd.(30.3.-1.4)"]
[Date "2012.04.01"]
[Round "4.2"]
[White "Knoblauch, Leonhard"]
[Black "Minor, Viatcheslav"]
[Result "1-0"]
[WhiteElo "2116"]
[BlackElo "1983"]
[PlyCount "81"]
[EventDate "2012.04.??"]
[EventType "swiss"]
[EventRounds "5"]
[EventCountry "GER"]
[WhiteTeam "Ilmmünster SV"]
[BlackTeam "Eisenach SV"]

1. e4 e6 2. d4 d5 3. Nc3 Bb4 4. e5 Ne7 5. a3 Bxc3+ 6. bxc3 c5 7. Bd3 Qa5 8. Bd2
c4 9. Bf1 Bd7 10. f4 Nbc6 11. Nf3 f6 12. exf6 gxf6 13. g3 O-O-O 14. Bh3 Ng6 15.
O-O h5 16. Qe1 Rde8 17. Qf2 Re7 18. f5 exf5 19. Ne1 f4 20. Bxd7+ Kxd7 21. Ng2
Re4 22. gxf4 f5 23. Rfe1 Rhe8 24. Qg3 Rxe1+ 25. Bxe1 Re6 26. Qf3 Nce7 27. Qxh5
Qa4 28. Qd1 Ng8 29. Bh4 Nxh4 30. Nxh4 Ne7 31. Nf3 Re4 32. Qd2 Kc7 33. Ng5 Qa5
34. Nxe4 dxe4 35. d5 Nxd5 36. Rd1 Qc5+ 37. Kh1 Kc6 38. h4 e3 39. Qxd5+ Qxd5+
40. Rxd5 Kxd5 41. Kg2 1-0

[Event "Erlanger BSGW-Open 2012 30rd"]
[Site "Erlangen/Eltersd.(30.3.-1.4)"]
[Date "2012.04.01"]
[Round "4.3"]
[White "Bielmeier, Ludwig"]
[Black "Seeger, Peter"]
[Result "1/2-1/2"]
[WhiteElo "2014"]
[BlackElo "2040"]
[PlyCount "83"]
[EventDate "2012.04.??"]
[EventType "swiss"]
[EventRounds "5"]
[EventCountry "GER"]
[WhiteTeam "Deggendorf SV"]
[BlackTeam "Nürnberg Noris-Tarr. SC"]

1. Nf3 Nf6 2. g3 g6 3. Bg2 Bg7 4. O-O O-O 5. c4 d5 6. cxd5 Nxd5 7. Nc3 Nc6 8.
Ng5 e6 9. Nge4 b6 10. Nxd5 exd5 11. Nc3 Be6 12. Qa4 Ne7 13. d4 Nf5 14. e3 Bd7
15. Qb3 c6 16. Bd2 Be6 17. Ne2 g5 18. Qa3 Qd7 19. Rfc1 Rac8 20. Bb4 Rfe8 21.
Rc2 a5 22. Be1 Nd6 23. Qb3 Nc4 24. a4 b5 25. Qa2 b4 26. b3 Nd6 27. Rac1 Bf5 28.
Rd2 Be4 29. h3 Re6 30. f3 Bg6 31. Bf2 Nf5 32. e4 dxe4 33. fxe4 Nd6 34. d5 cxd5
35. Rxc8+ Qxc8 36. Rc2 Qe8 37. exd5 Re3 38. Rd2 Rd3 39. Kh2 Rxd2 40. Qxd2 Be4
41. Qe3 Qe5 42. Qd2 1/2-1/2

[Event "Erlanger BSGW-Open 2012 30rd"]
[Site "Erlangen/Eltersd.(30.3.-1.4)"]
[Date "2012.04.01"]
[Round "4.4"]
[White "Leidorf, Sebastian"]
[Black "Krauss, Josef"]
[Result "0-1"]
[WhiteElo "1991"]
[BlackElo "2079"]
[PlyCount "86"]
[EventDate "2012.04.??"]
[EventType "swiss"]
[EventRounds "5"]
[EventCountry "GER"]
[WhiteTeam "Bergwinkel SV"]
[BlackTeam "Würzburg SV"]

1. c4 c6 2. Nf3 d5 3. b3 Nf6 4. Bb2 Bf5 5. g3 e6 6. Bg2 Nbd7 7. d3 Bd6 8. Nbd2
O-O 9. O-O Qe7 10. Re1 e5 11. e4 dxe4 12. Nxe4 Nxe4 13. dxe4 Bg4 14. h3 Bxf3
15. Qxf3 Rfd8 16. Rad1 Nf8 17. Rd3 Ba3 18. Ba1 Rxd3 19. Qxd3 Rd8 20. Qc2 Bc5
21. Rd1 f6 22. h4 Ne6 23. Bh3 Bd4 24. Bxe6+ Qxe6 25. Bxd4 exd4 26. c5 h6 27.
Kg2 Kh7 28. e5+ g6 29. exf6 b5 30. cxb6 axb6 31. h5 Qxf6 32. f4 c5 33. Qe4 Rd7
34. a4 Re7 35. Qxg6+ Qxg6 36. hxg6+ Kxg6 37. Rd3 Kf5 38. Kf3 h5 39. b4 Rd7 40.
bxc5 bxc5 41. a5 c4 42. Rd1 c3 43. Ke2 Ke4 0-1

[Event "Erlanger BSGW-Open 2012 30rd"]
[Site "Erlangen/Eltersd.(30.3.-1.4)"]
[Date "2012.04.01"]
[Round "4.5"]
[White "Kociurzynski, Andre"]
[Black "Eber, Fabian(87)"]
[Result "1-0"]
[WhiteElo "1949"]
[BlackElo "2047"]
[PlyCount "83"]
[EventDate "2012.04.??"]
[EventType "swiss"]
[EventRounds "5"]
[EventCountry "GER"]
[WhiteTeam "Fürth 1951 SF"]
[BlackTeam "Wilhermsdorf SF"]

1. e4 c5 2. Nf3 Nc6 3. Bb5 g6 4. O-O Bg7 5. Bxc6 dxc6 6. Nc3 Bg4 7. d3 Qc7 8.
Be3 b6 9. Qc1 Bxf3 10. gxf3 h5 11. Kh1 h4 12. a4 Nf6 13. Bf4 e5 14. Bg5 Nh5 15.
Ne2 Qd7 16. Qd2 f6 17. Be3 f5 18. exf5 Qd5 19. Ng1 gxf5 20. c4 Qd7 21. f4 O-O-O
22. Rfd1 e4 23. a5 b5 24. cxb5 cxb5 25. Qc2 exd3 26. Qxc5+ Kb8 27. f3 Bf8 28.
Qe5+ Bd6 29. Qd4 Be7 30. Qe5+ Ka8 31. Rac1 Bf6 32. Qc5 Rc8 33. Rxd3 Rxc5 34.
Rxd7 Rxc1 35. Bxc1 Re8 36. Kg2 Re1 37. Bd2 Rd1 38. Ne2 Bxb2 39. a6 Kb8 40. Rb7+
Kc8 41. Ba5 Bc1 42. Rc7+ 1-0

[Event "Erlanger BSGW-Open 2012 30rd"]
[Site "Erlangen/Eltersd.(30.3.-1.4)"]
[Date "2012.04.01"]
[Round "4.6"]
[White "Adelhütte, Dennis"]
[Black "Boss, Rolf"]
[Result "0-1"]
[WhiteElo "1936"]
[BlackElo "2063"]
[PlyCount "98"]
[EventDate "2012.04.??"]
[EventType "swiss"]
[EventRounds "5"]
[EventCountry "GER"]
[WhiteTeam "Erlangen 48/88 SC"]
[BlackTeam "Bamberg 1868 SC "]

1. d4 Nf6 2. Nc3 d6 3. e4 c6 4. Bg5 Qa5 5. Bxf6 exf6 6. Bd3 Be7 7. Nge2 O-O 8.
O-O b5 9. a3 a6 10. b4 Qc7 11. Ng3 g6 12. Be2 Bb7 13. Kh1 Nd7 14. Bg4 Rad8 15.
f4 Rfe8 16. f5 Bf8 17. fxg6 hxg6 18. Bxd7 Qxd7 19. Rxf6 Bg7 20. Rf3 c5 21. dxc5
dxc5 22. Qxd7 Rxd7 23. bxc5 Rc8 24. Rd1 Rxd1+ 25. Nxd1 Rxc5 26. Rf2 Rc4 27. Ne3
Ra4 28. Nd5 Rxa3 29. Ne7+ Kh7 30. Rxf7 Ra1+ 31. Nf1 Bxe4 32. Kg1 Bxc2 33. Kf2
Bb3 34. Rf3 Bd4+ 35. Kg3 Bc4 36. Nd2 Be5+ 37. Kh4 Kg7 38. Nxc4 Ra4 39. Kh3 Rxc4
40. Nd5 a5 41. Re3 Bd4 42. Re7+ Kh6 43. Re4 Bg7 44. Re6 Rc5 45. Ne7 Re5 46.
Rxg6+ Kh7 47. Rxg7+ Kxg7 48. Nc6 Re3+ 49. Kg4 a4 0-1

[Event "Erlanger BSGW-Open 2012 30rd"]
[Site "Erlangen/Eltersd.(30.3.-1.4)"]
[Date "2012.04.01"]
[Round "4.7"]
[White "Walter, Thomas(78)"]
[Black "Thier, Juergen(74)"]
[Result "1-0"]
[WhiteElo "2055"]
[BlackElo "2026"]
[PlyCount "65"]
[EventDate "2012.04.??"]
[EventType "swiss"]
[EventRounds "5"]
[EventCountry "GER"]
[WhiteTeam "Erlangen 48/88 SC"]
[BlackTeam "Heidelberg SF"]

1. e4 c5 2. Nf3 Nc6 3. d4 cxd4 4. Nxd4 e5 5. Nb5 d6 6. N1c3 a6 7. Na3 Be7 8.
Nd5 Nf6 9. Nxf6+ Bxf6 10. Nc4 Be7 11. Be3 b5 12. Nb6 Rb8 13. Nxc8 Qxc8 14. Be2
Nd4 15. Bxd4 exd4 16. Qxd4 O-O 17. c3 Bf6 18. Qd3 b4 19. O-O bxc3 20. bxc3 a5
21. Rac1 Rb2 22. a4 Qe6 23. Rc2 Rfb8 24. Rxb2 Rxb2 25. Qa6 g6 26. Bd3 Bxc3 27.
Rc1 Qf6 28. Qc8+ Kg7 29. Qxc3 Rxf2 30. Qxf6+ Rxf6 31. Rc6 Kh6 32. e5 Re6 33.
exd6 1-0

[Event "Erlanger BSGW-Open 2012 30rd"]
[Site "Erlangen/Eltersd.(30.3.-1.4)"]
[Date "2012.04.01"]
[Round "4.8"]
[White "Heppert, Lars"]
[Black "Walter, Florian(93)"]
[Result "0-1"]
[WhiteElo "1849"]
[BlackElo "2076"]
[PlyCount "70"]
[EventDate "2012.04.??"]
[EventType "swiss"]
[EventRounds "5"]
[EventCountry "GER"]
[WhiteTeam "Haunwöhr SV"]
[BlackTeam "Lauf/P. SV"]

1. c4 d6 2. g3 g6 3. Bg2 Bg7 4. Nc3 e5 5. e4 Ne7 6. Nge2 O-O 7. O-O c5 8. d3
Nbc6 9. h3 Nd4 10. Nxd4 cxd4 11. Ne2 f5 12. f4 Rb8 13. Kh2 b5 14. b3 bxc4 15.
bxc4 Be6 16. Ba3 Qd7 17. exf5 Nxf5 18. Bc1 Kh8 19. fxe5 Bxe5 20. Nf4 Nxg3 21.
Kxg3 g5 22. Qe2 gxf4+ 23. Bxf4 Bxf4+ 24. Rxf4 Rxf4 25. Kxf4 Qg7 26. Qxe6 Rf8+
27. Ke4 Qxg2+ 28. Kxd4 Qg7+ 29. Kd5 Qxa1 30. d4 Qf1 31. Kc6 Qf4 32. Qg4 Qxg4
33. hxg4 Rf4 34. c5 dxc5 35. Kxc5 Rxg4 0-1

[Event "Erlanger BSGW-Open 2012 30rd"]
[Site "Erlangen/Eltersd.(30.3.-1.4)"]
[Date "2012.04.01"]
[Round "4.9"]
[White "Czikuss, Hans-Joachim"]
[Black "Bolduan, Sebastian"]
[Result "1/2-1/2"]
[WhiteElo "1875"]
[BlackElo "2025"]
[PlyCount "122"]
[EventDate "2012.04.??"]
[EventType "swiss"]
[EventRounds "5"]
[EventCountry "GER"]
[WhiteTeam "Frankfurt 1921 Sfr."]
[BlackTeam "Nürnberg Noris-Tarr. SC"]

1. c4 Nf6 2. g3 g6 3. Bg2 Bg7 4. Nc3 O-O 5. d3 d6 6. e4 c5 7. Nge2 Nc6 8. O-O
Ne8 9. Rb1 Nc7 10. a3 Ne6 11. b4 Ned4 12. Be3 Nxe2+ 13. Nxe2 Nd4 14. Nxd4 cxd4
15. Bd2 e5 16. f4 Bd7 17. b5 f6 18. a4 Rc8 19. Qb3 Be6 20. f5 Bf7 21. fxg6 hxg6
22. Bh3 Ra8 23. Qa3 Re8 24. Rf2 Be6 25. Bxe6+ Rxe6 26. Rbf1 Qd7 27. Qc1 Kh7 28.
Qd1 Re7 29. g4 g5 30. Rf5 Rh8 31. Qf3 Kg8 32. Kg2 Rh6 33. Rh1 Rh7 34. Qg3 Rh4
35. Be1 Qe8 36. Qf3 Rh6 37. Bb4 Rd7 38. Bd2 Rh4 39. Be1 Rh6 40. h4 gxh4 41.
Rxh4 Qg6 42. Rfh5 Rxh5 43. Rxh5 Bh6 44. Qf5 Qxf5 45. Rxf5 Bg5 46. Rf3 Rh7 47.
Rh3 Rxh3 48. Kxh3 Kf7 49. Bb4 Ke6 50. Kg3 b6 51. a5 Kd7 52. axb6 axb6 53. Be1
Kc7 54. Kf3 Kb7 55. Ke2 Kc7 56. Kd1 Kb7 57. Kc2 Kc7 58. Bb4 Kd7 59. Kb3 Kc7 60.
Ka4 Be3 61. Be1 Bg5 1/2-1/2

[Event "Erlanger BSGW-Open 2012 30rd"]
[Site "Erlangen/Eltersd.(30.3.-1.4)"]
[Date "2012.04.01"]
[Round "4.10"]
[White "Sponheim, Marko"]
[Black "Lange, Carsten(65)"]
[Result "1/2-1/2"]
[WhiteElo "2016"]
[BlackElo "1899"]
[PlyCount "29"]
[EventDate "2012.04.??"]
[EventType "swiss"]
[EventRounds "5"]
[EventCountry "GER"]
[WhiteTeam "Mettmann-Sport"]
[BlackTeam "Zirndorf SK"]

1. e4 c5 2. Nf3 e6 3. d4 cxd4 4. Nxd4 a6 5. Bd3 Nc6 6. Be3 Nf6 7. f4 Qc7 8. Nd2
Nxd4 9. Bxd4 Qxf4 10. Nc4 d6 11. Qe2 e5 12. Nb6 Bg4 13. Be3 Bxe2 14. Bxf4 Rd8
15. Kxe2 1/2-1/2

[Event "Erlanger BSGW-Open 2012 30rd"]
[Site "Erlangen/Eltersd.(30.3.-1.4)"]
[Date "2012.04.01"]
[Round "4.11"]
[White "Wittmann, Helmut"]
[Black "Glatz, Juergen"]
[Result "1-0"]
[WhiteElo "2022"]
[BlackElo "1859"]
[PlyCount "83"]
[EventDate "2012.04.??"]
[EventType "swiss"]
[EventRounds "5"]
[EventCountry "GER"]
[WhiteTeam "Erlangen BSGW"]
[BlackTeam "Friedrichshofen VfB"]

1. d4 Nf6 2. Nf3 g6 3. c4 Bg7 4. Nc3 O-O 5. Bg5 d6 6. e3 c5 7. Be2 h6 8. Bh4
Qa5 9. O-O g5 10. Bg3 Nh5 11. Qc2 Nxg3 12. hxg3 Nc6 13. d5 Nb4 14. Qb3 e5 15.
dxe6 Bxe6 16. a3 Na6 17. Rad1 Rfd8 18. Nb5 Qb6 19. Qc2 Nc7 20. Nxc7 Qxc7 21.
Nd2 d5 22. f4 dxc4 23. f5 Bd5 24. f6 Qxg3 25. e4 Qe3+ 26. Rf2 Bxf6 27. Nf1 Bxe4
28. Nxe3 Bxc2 29. Rxd8+ Rxd8 30. Rxf6 Bd3 31. Bh5 Rd7 32. Bg4 Kg7 33. Rxh6 Re7
34. Rh3 f5 35. Bxf5 Rxe3 36. Rxe3 Bxf5 37. Re7+ Kf6 38. Rxb7 Ke5 39. Rxa7 Kd4
40. Rc7 Bd3 41. Kf2 Be4 42. Rd7+ 1-0

[Event "Erlanger BSGW-Open 2012 30rd"]
[Site "Erlangen/Eltersd.(30.3.-1.4)"]
[Date "2012.04.01"]
[Round "4.12"]
[White "Suess, Stefan(87)"]
[Black "Nehls, Benedikt"]
[Result "1-0"]
[WhiteElo "1851"]
[BlackElo "1988"]
[PlyCount "57"]
[EventDate "2012.04.??"]
[EventType "swiss"]
[EventRounds "5"]
[EventCountry "GER"]
[WhiteTeam "Nürnberg Noris-Tarr. SC"]
[BlackTeam "Erlangen 48/88 SC"]

1. e4 c5 2. Nf3 d6 3. d4 cxd4 4. Nxd4 Nf6 5. Nc3 a6 6. Be2 e6 7. O-O Be7 8. f4
Qc7 9. a4 O-O 10. Kh1 Nc6 11. Nb3 b6 12. Be3 Nd7 13. Bf3 Bb7 14. Qe2 Rfd8 15.
Qf2 Rdc8 16. Rad1 Rab8 17. Qe2 Nb4 18. Nd4 Qd8 19. Bh5 g6 20. Bg4 Nc5 21. f5 e5
22. fxg6 hxg6 23. Bxc8 Rxc8 24. Qf2 Qe8 25. Nf5 gxf5 26. Qg3+ Kh8 27. Rxf5 f6
28. Qg4 Bxe4 29. Nxe4 1-0

[Event "Erlanger BSGW-Open 2012 30rd"]
[Site "Erlangen/Eltersd.(30.3.-1.4)"]
[Date "2012.04.01"]
[Round "4.13"]
[White "Lais, Thomas"]
[Black "Bilchinski, Anton"]
[Result "1-0"]
[WhiteElo "1950"]
[BlackElo "1864"]
[PlyCount "71"]
[EventDate "2012.04.??"]
[EventType "swiss"]
[EventRounds "5"]
[EventCountry "GER"]
[WhiteTeam "Nürnberg Süd SW"]
[BlackTeam "Göggingen SK"]

1. e4 c5 2. Nf3 e6 3. d4 cxd4 4. Nxd4 a6 5. Nc3 Qc7 6. Bd3 Nf6 7. Qe2 Nc6 8.
Nb3 Be7 9. f4 d6 10. Be3 b5 11. O-O-O Bb7 12. Rhe1 Nb4 13. Kb1 Bc6 14. Nd4 Nxd3
15. cxd3 b4 16. Rc1 bxc3 17. Rxc3 O-O 18. Nxc6 Qb7 19. Rec1 Rfe8 20. Bd4 Bf8
21. g4 Rec8 22. g5 Ne8 23. Qc2 Kh8 24. h4 d5 25. h5 Nd6 26. h6 Nb5 27. Bxg7+
Bxg7 28. hxg7+ Kxg7 29. Rb3 Rxc6 30. Qxc6 Qxc6 31. Rxc6 Nd4 32. Rbb6 Nxc6 33.
Rxc6 dxe4 34. dxe4 h5 35. gxh6+ Kxh6 36. f5 1-0

[Event "Erlanger BSGW-Open 2012 30rd"]
[Site "Erlangen/Eltersd.(30.3.-1.4)"]
[Date "2012.04.01"]
[Round "4.14"]
[White "Mehringer, Joerg"]
[Black "Ammon, Tobias"]
[Result "1/2-1/2"]
[WhiteElo "1867"]
[BlackElo "1976"]
[PlyCount "93"]
[EventDate "2012.04.??"]
[EventType "swiss"]
[EventRounds "5"]
[EventCountry "GER"]
[WhiteTeam "Berlin Weisse Dame SC"]
[BlackTeam "Altensittenbach SV"]

1. e4 e5 2. Nf3 Nf6 3. Nc3 Bb4 4. d3 d5 5. exd5 Nxd5 6. Bd2 O-O 7. Be2 Nc6 8.
O-O Bxc3 9. bxc3 Qd6 10. c4 Nb6 11. a4 Bf5 12. Nh4 Be6 13. a5 Nd7 14. Bc3 Nd4
15. Bxd4 exd4 16. Qd2 Rad8 17. Qg5 f6 18. Qg3 Qxg3 19. fxg3 Nc5 20. Nf3 Rfe8
21. Rfe1 Bg4 22. Kf2 Bxf3 23. Bxf3 Rxe1 24. Kxe1 g6 25. Kd2 Kf8 26. Rb1 b6 27.
Ra1 Rd7 28. Bd5 a6 29. Ra3 Rd6 30. Bf3 f5 31. Ra1 Ke7 32. h4 Kf6 33. g4 h6 34.
g3 Re6 35. gxf5 gxf5 36. axb6 cxb6 37. Rf1 Ke5 38. g4 fxg4 39. Bxg4 Rf6 40.
Re1+ Kd6 41. Re8 Rf2+ 42. Kc1 Rf4 43. Rg8 h5 44. Bxh5 Rxh4 45. Bf3 Rf4 46. Rg6+
Ke5 47. Bg2 1/2-1/2

[Event "Erlanger BSGW-Open 2012 30rd"]
[Site "Erlangen/Eltersd.(30.3.-1.4)"]
[Date "2012.04.01"]
[Round "4.15"]
[White "Stuhler, Josef"]
[Black "Woerl, Richard"]
[Result "0-1"]
[WhiteElo "1811"]
[BlackElo "1950"]
[PlyCount "78"]
[EventDate "2012.04.??"]
[EventType "swiss"]
[EventRounds "5"]
[EventCountry "GER"]
[WhiteTeam "Wertingen TSV"]
[BlackTeam "Nürnberg Süd SW"]

1. e4 c5 2. Nf3 Nc6 3. b4 Nxb4 4. c3 Nc6 5. d4 d5 6. exd5 Qxd5 7. Na3 Bg4 8.
Bc4 Qe4+ 9. Be3 O-O-O 10. Be2 e5 11. Ng5 Bxe2 12. Qxe2 Qxg2 13. O-O-O cxd4 14.
Nb5 a6 15. Nxf7 axb5 16. Nxd8 Ba3+ 17. Kb1 Qg6+ 18. Ka1 d3 19. Rxd3 Nxd8 20.
Rxd8+ Kxd8 21. Rd1+ Kc8 22. Qxb5 Ne7 23. Bb6 Qg4 24. f3 Qe6 25. Qa5 Bd6 26.
Qa8+ Bb8 27. Qa5 Nc6 28. Qa4 Bc7 29. Qa8+ Nb8 30. Bxc7 Kxc7 31. Qa5+ Kc8 32.
Rd5 Nc6 33. Qc5 Rd8 34. Rxe5 Rd1+ 35. Kb2 Qd7 36. Qf8+ Kc7 37. Rc5 Qd2+ 38. Kb3
Rb1+ 39. Kc4 b5+ 0-1

[Event "Erlanger BSGW-Open 2012 30rd"]
[Site "Erlangen/Eltersd.(30.3.-1.4)"]
[Date "2012.04.01"]
[Round "4.16"]
[White "Schulz, Wilfried(48)"]
[Black "Noble, Alexander"]
[Result "1-0"]
[WhiteElo "1859"]
[BlackElo "1902"]
[PlyCount "32"]
[EventDate "2012.04.??"]
[EventType "swiss"]
[EventRounds "5"]
[EventCountry "GER"]
[WhiteTeam "Schwanstetten SK"]
[BlackTeam "Bad Nauheim SC"]

1. e4 e6 2. d3 d5 3. Nd2 Nf6 4. Ngf3 Nc6 5. e5 Nd7 6. d4 f6 7. Bb5 fxe5 8. Bxc6
bxc6 9. Nxe5 Nxe5 10. dxe5 Ba6 11. Qg4 Qd7 12. Nb3 c5 13. Be3 Qc6 14. Bxc5
O-O-O 15. Qd4 Kd7 16. O-O-O Bxc5 1-0

[Event "Erlanger BSGW-Open 2012 30rd"]
[Site "Erlangen/Eltersd.(30.3.-1.4)"]
[Date "2012.04.01"]
[Round "4.17"]
[White "Pranschke, Gerd"]
[Black "Koerber, Thomas(61)"]
[Result "0-1"]
[WhiteElo "1882"]
[BlackElo "1837"]
[PlyCount "88"]
[EventDate "2012.04.??"]
[EventType "swiss"]
[EventRounds "5"]
[EventCountry "GER"]
[WhiteTeam "Nürnberg Noris-Tarr. SC"]
[BlackTeam "Fürth 1951 SF"]

1. e4 c5 2. Nf3 d6 3. d4 cxd4 4. Nxd4 Nf6 5. Nc3 e6 6. Bc4 Be7 7. Bb3 Bd7 8.
Be3 Nc6 9. f4 O-O 10. Qf3 Nxd4 11. Bxd4 Bc6 12. O-O-O b5 13. Qd3 b4 14. Bxf6
gxf6 15. Nb5 Qb6 16. Nd4 Bd7 17. Rhf1 a5 18. Rf3 Kh8 19. f5 e5 20. Ne2 a4 21.
Bd5 Rac8 22. Kb1 Qc5 23. Rh3 Be8 24. c4 Rg8 25. Qf3 Rg7 26. Ng3 Bc6 27. b3 Bxd5
28. Rxd5 Qg1+ 29. Rd1 Qa7 30. Ne2 axb3 31. axb3 Ra8 32. Nc1 Qa1+ 33. Kc2 Ra2+
34. Nxa2 Qxa2+ 35. Kd3 Rxg2 36. Ke3 Bd8 37. c5 Qc2 38. Qf1 Qxc5+ 39. Kf3 Rc2
40. Kg4 Bb6 41. Qd3 Qc8 42. Rg3 Rxh2 43. Qxd6 Qg8+ 44. Kf3 Rf2# 0-1

[Event "Erlanger BSGW-Open 2012 30rd"]
[Site "Erlangen/Eltersd.(30.3.-1.4)"]
[Date "2012.04.01"]
[Round "4.18"]
[White "Lottring, Dieter"]
[Black "Seidel, Michael ProfDr(68)"]
[Result "1/2-1/2"]
[WhiteElo "1629"]
[BlackElo "1924"]
[PlyCount "43"]
[EventDate "2012.04.??"]
[EventType "swiss"]
[EventRounds "5"]
[EventCountry "GER"]
[WhiteTeam "Schwabach SK"]
[BlackTeam "Hof PTSV SK"]

1. Nf3 Nf6 2. g3 g6 3. b3 Bg7 4. Bb2 d6 5. d4 O-O 6. Bg2 c6 7. O-O a5 8. c4 d5
9. Nbd2 Na6 10. a3 h6 11. Re1 Be6 12. Rc1 Rc8 13. c5 b6 14. cxb6 Qxb6 15. e3
Rc7 16. Bf1 Rb7 17. Ne5 Nb8 18. Qc2 Rc8 19. Qc5 Qd8 20. Bc3 Nfd7 21. Nxd7 Nxd7
22. Qxa5 1/2-1/2